000 00482nam a2200169Ia 4500
999 _c27118
_d27118
003 OSt
005 20201230155604.0
008 190216s9999||||xx |||||||||||||| ||und||
040 _coclc
082 _a894.8121
_bKAR/N
100 _aKarassery, M N
_91986
245 0 _aNavathalam /
_cM N Karassery
260 _bP K Brothers publication,
_c1991.
_aKozhikode:
300 _a160p
650 _aKavithkal
942 _cBK
_2ddc
_h894.8121
_iKAR/N
_k894.8121
_mKAR/N